banner-ar

FOUNDRY ENGINEERING / (Record no. 20492)

MARC details
000 -الفاتح
حقل البيانات ثابتة الطول 00567nam a2200217Ia 4500
008 - عناصر البيانات ثابتة الطول - معلومات عامة
حقل البيانات ثابتة الطول 140319s9999 xx 000 0 eng d
040 ## - مصدر الفهرسة
وكالة الفهرسة الأصلية GCL /
وكالة النسخ GCL
082 04 - رقم تصنيف ديوى العشرى
رقم التصنيف 669
رقم المادة T F
100 1# - المدخل الرئيسى - إسم شخصى
الإسم الشخصى TALYOR, HOWARD F.
245 10 - بيان العنوان
العنوان FOUNDRY ENGINEERING /
بيان المسئوليه,etc TALYOR, HOWARD F.
700 1# - المدخل الاضافى - اسم شخصى
الإسم الشخصى FLEMINGS, MERTON C.
700 1# - المدخل الاضافى - اسم شخصى
الإسم الشخصى WUIFF, JOHN
260 ## - PUBLICATION, DISTRIBUTION, ETC. (IMPRINT)
تاريخ النشر أو التوزيع 1993
300 ## - الوصف المادى
التعداد 407 P
650 04 - المدخل الاضافى بالموضوع-مصطلح موضوعى
مصطلح موضوعي التحليل الرياضى
650 04 - المدخل الاضافى بالموضوع-مصطلح موضوعى
مصطلح موضوعي CIVIL ENGINEERING
650 04 - المدخل الاضافى بالموضوع-مصطلح موضوعى
مصطلح موضوعي METALS
650 04 - المدخل الاضافى بالموضوع-مصطلح موضوعى
مصطلح موضوعي METALLURGY
942 ## - عناصر المدخل الإضافي( كوها)
مصدر التصنيف او مخطط الترفيف Dewey Decimal Classification
Koha [default] item type كتاب
260 ## - PUBLICATION, DISTRIBUTION, ETC. (IMPRINT)
-- [S.N] :
-- WILEY EASTERN LIMITED ،
Holdings
حالة التراجع حالة الفقد حالة تلف ليس للاعارة المكان المؤقت الموقع الحالى تاريخ الاكتساب اجمالي اﻻعارات رقم الطلب الباركود تاريخ اخر مشاهدة تاريخ تفعيل السعر نوع وعاء كوها
        مكتبة القاهرة الكبرى مكتبة القاهرة الكبرى 03/26/2014   669\T F 38407 03/26/2014 03/26/2014 كتاب

Powered By

EGPV